00858nam a2200217 a 450000100100000000500170001000800410002704000250006808200160009310000420010924500900015126000520024130000210029349000470031450000330036170000460039483000540044004900090049495201200050399900170062300002501320200930023516.0110208s1947 ag r 001 0 spa d aDO-SdBNPbspacBNPHU axxxxxbO65v1 aOrdóñez de Ceballos, Pedro95132510aViaje del mundo /cPedro Ordóñez de Ceballos ; prólogo Ignacio B. Anzoátegui. aBuenos Aires, Argentina :bEspasa-Calpe,c1947. a366 p. ;c18 cm.1 aAustral. Negra, viajes y reportajes ;v695 aIncluye índice de autores.1 aAnzoátegui, Ignacio B.,epról.942601 0aAustral. Negra, viajes y reportajes ;n695951326 aBNGR 001054708MOaGRbGRcCTd2011-02-08iLF1l0oxxxxx O65vp25013-10r2020-06-25w2020-06-25y4ZPréstamo en sala c24506d24506